Politika na ochranu hospodářské soutěže rozdílný přístup Evropské unie a Spojených států amerických
Politika na ochranu hospodárskej súťaže v Európskej únii a v Spojených štátoch amerických - jej vplyv a význam. Ochrana hospodárskej súťaže a hlavné dôvody vzniku a účelu antimonopolnej politiky a politiky na ochranu hospodárskej súťaže.
Salvato in:
| Autore principale: | |
|---|---|
| Natura: | Capitolo di libro |
| Lingua: | ceco |
| Soggetti: | |
| Tags: |
Nessun Tag, puoi essere il primo ad aggiungerne!!
|
MARC
| LEADER | 00000nla a2200000 4500 | ||
|---|---|---|---|
| 001 | 0199020 | ||
| 005 | 20240417075055.4 | ||
| 041 | 0 | |a cze | |
| 044 | |a CZ | ||
| 245 | 1 | 0 | |a Politika na ochranu hospodářské soutěže |b rozdílný přístup Evropské unie a Spojených států amerických |c Petra Luňáčková |
| 520 | |a Politika na ochranu hospodárskej súťaže v Európskej únii a v Spojených štátoch amerických - jej vplyv a význam. Ochrana hospodárskej súťaže a hlavné dôvody vzniku a účelu antimonopolnej politiky a politiky na ochranu hospodárskej súťaže. | ||
| 610 | 2 | 0 | |a Európska únia |
| 610 | 2 | 0 | |a USA |
| 610 | 2 | 0 | |a politika protimonopolná |
| 610 | 2 | 0 | |a súťaž hospodárska |
| 610 | 2 | 0 | |a politika súťažná |
| 610 | 2 | 0 | |a ochrana súťaže hospodárskej |
| 610 | 2 | 0 | |a konkurencieschopnosť |
| 610 | 2 | 0 | |a zákony |
| 100 | 1 | |a Luňáčková, Petra | |